[Event "Goldener Springer 2017"]
[Site "Frankfurt/Main"]
[Date "2017.??.??"]
[Round "1.1"]
[White "Stockmann, Michael"]
[Black "Olesiak, Marcin"]
[Result "1-0"]
[WhiteElo "2220"]
[BlackElo "2008"]
[PlyCount "155"]
[EventDate "2017.??.??"]
[WhiteTeam "SF Schöneck"]
[BlackTeam "SV Oberursel"]

1. d4 Nf6 2. Nf3 d5 3. c4 e6 4. g3 Be7 5. Bg2 O-O 6. O-O c6 7. Nc3 a6 8. Ne5
Nbd7 9. f4 c5 10. Nxd7 Qxd7 11. cxd5 exd5 12. Na4 Qc6 13. Nxc5 Bxc5 14. dxc5
Qxc5+ 15. e3 Bf5 16. Bd2 Rad8 17. Qb3 Rfe8 18. Rac1 Qa7 19. Ba5 Rd6 20. Rfe1
Rde6 21. Bd2 Be4 22. Bh3 Rc6 23. Bc3 b5 24. Bd4 Qc7 25. Rxc6 Qxc6 26. Qc3 Qc4
27. b3 Qxc3 28. Bxc3 Bf3 29. Rc1 Ng4 30. Bd4 h5 31. Bf1 Re6 32. Rc8+ Kh7 33.
Bd3+ Be4 34. Be2 Bb1 35. Rc1 Bxa2 36. Bd3+ g6 37. Rc8 Nf6 38. f5 Re8 39. Rc6
Ne4 40. fxg6+ fxg6 41. Rxa6 Bxb3 42. Bxb5 Re7 43. Ra8 g5 44. Rh8+ Kg6 45. Be8+
Rxe8 46. Rxe8 g4 47. Rg8+ Kh7 48. Rb8 Nd2 49. Kf2 Bc4 50. Rh8+ Kg6 51. Bb6 Ne4+
52. Kg2 Ng5 53. Bc7 Nh7 54. Bf4 Bd3 55. Kf2 Be4 56. Ke2 Kg7 57. Rb8 Bg6 58. Kd2
Bf7 59. Kc3 Kf6 60. Kd4 Ke6 61. Rb6+ Kf5 62. Be5 Be6 63. Bf4 Bf7 64. Rb7 Ke6
65. Bh6 Nf6 66. Bg5 Nd7 67. Bh4 Bg8 68. Ra7 Bf7 69. Ra6+ Kf5 70. Ra7 Ne5 71.
Rxf7+ Nxf7 72. Kxd5 Nh6 73. e4+ Kg6 74. Ke6 Ng8 75. e5 Nh6 76. Kd7 Nf5 77. e6
Ng7 78. Bd8 1-0

[Event "Goldener Springer 2017"]
[Site "Frankfurt/Main"]
[Date "2017.??.??"]
[Round "1.2"]
[White "Gutacker, Stephan"]
[Black "Kuban, Guenter"]
[Result "0-1"]
[WhiteElo "1886"]
[BlackElo "2127"]
[PlyCount "162"]
[EventDate "2017.??.??"]
[WhiteTeam "Sfr. Kelkheim"]
[BlackTeam "SV Oberursel"]

1. e4 c5 2. c3 e5 3. Nf3 Nc6 4. d4 cxd4 5. cxd4 exd4 6. Nxd4 Nf6 7. Nxc6 bxc6
8. Nc3 Bb4 9. Bd3 O-O 10. O-O d5 11. exd5 Nxd5 12. Qc2 h6 13. Ne4 Bd7 14. a3
Be7 15. b3 Qb6 16. Bb2 Rfd8 17. Ng3 Bf6 18. Bxf6 Nxf6 19. Bc4 Nd5 20. Rad1 Be6
21. Nf5 Qc5 22. Nd4 Rac8 23. Nxe6 fxe6 24. Rfe1 Re8 25. Qg6 Qe7 26. g3 Qf7 27.
Qxf7+ Kxf7 28. f4 g6 29. Kf2 Nb6 30. Ba6 Rcd8 31. Bb7 c5 32. Bc6 Rf8 33. Rc1
Rd6 34. Rxc5 Rc8 35. Rec1 Rd2+ 36. Ke3 Rcd8 37. Be4 Rxh2 38. Rc7+ Kf6 39. Rxa7
Rdd2 40. Bf3 Nd5+ 41. Ke4 Rc2 42. Rxc2 Rxc2 43. Kd4 Ne7 44. Kd3 Rb2 45. Bd1 Rg2
46. g4 Nd5 47. Ra4 Rf2 48. b4 Rxf4 49. b5 Rf2 50. Bb3 Rf3+ 51. Kc2 Rf2+ 52. Kd3
Rf3+ 53. Kc2 Rf2+ 54. Kd3 Ke5 55. Bxd5 exd5 56. Rb4 Rf3+ 57. Kd2 Rxa3 58. b6
Ra8 59. b7 Rb8 60. Rb6 g5 61. Rb4 Kd6 62. Kd3 Kc5 63. Rb1 d4 64. Rb2 Kd5 65.
Rb5+ Kc6 66. Rb2 Kc7 67. Kxd4 Rd8+ 68. Ke5 Kb8 69. Rb4 Rf8 70. Ke6 Rf4 71. Rb6
Rxg4 72. Kf5 Rh4 73. Rb2 g4 74. Kf4 h5 75. Rb5 Rh3 76. Rb6 g3 77. Kf3 h4 78.
Rb2 Rh1 79. Rb4 Rh2 80. Rb1 g2 81. Rg1 h3 0-1

[Event "Goldener Springer 2017"]
[Site "Frankfurt/Main"]
[Date "2017.??.??"]
[Round "1.3"]
[White "Ostermeier, Thorsten"]
[Black "Rack, Matthias"]
[Result "1/2-1/2"]
[WhiteElo "1975"]
[BlackElo "2000"]
[PlyCount "104"]
[EventDate "2017.??.??"]
[WhiteTeam "SF Frankfurt"]
[BlackTeam "SF Neuberg"]

1. d4 d5 2. Nf3 Nf6 3. e3 e6 4. Nbd2 b6 5. Bd3 Bb7 6. O-O Bd6 7. Qe2 Ne4 8. Ne5
O-O 9. f3 Nxd2 10. Bxd2 Nd7 11. f4 Nf6 12. Rf3 c5 13. c3 Ne4 14. Rh3 g6 15. Rf1
Rc8 16. Be1 Rc7 17. g4 f6 18. Nf3 Bc8 19. Nd2 f5 20. g5 cxd4 21. cxd4 Rc1 22.
Nb3 Rc7 23. a3 Qd7 24. Rhf3 Qe7 25. h4 Bd7 26. Rh3 Rf7 27. Kg2 h5 28. Rhh1 Rf8
29. Na1 Rfc8 30. Nc2 a5 31. Bf2 Kf8 32. Ne1 Ba4 33. Nf3 Bc2 34. Ba6 Ra8 35. Bb5
Rac8 36. Ba6 Ra8 37. Rc1 Nxf2 38. Kxf2 Be4 39. Rhe1 Rca7 40. Bb5 Rc7 41. Bc6
Rac8 42. Qb5 Bxf3 43. Kxf3 Bc5 44. Bxd5 exd5 45. dxc5 Qe4+ 46. Kf2 Rxc5 47.
Rxc5 Rxc5 48. Qxb6 Rc2+ 49. Re2 Rxe2+ 50. Kxe2 Qc2+ 51. Ke1 Qc1+ 52. Kf2 Qd2+
1/2-1/2

[Event "Goldener Springer 2017"]
[Site "Frankfurt/Main"]
[Date "2017.??.??"]
[Round "1.4"]
[White "Winand, Edgar"]
[Black "Zalewski, Ulrich"]
[Result "1-0"]
[WhiteElo "1914"]
[BlackElo "1810"]
[PlyCount "113"]
[EventDate "2017.??.??"]
[WhiteTeam "SC Flörsheim"]
[BlackTeam "Biebertaler SF"]

1. g4 e5 2. d3 d5 3. Bg2 c6 4. h3 Bd6 5. Nc3 Ne7 6. e4 d4 7. Nce2 Ng6 8. Nf3
Nd7 9. Bg5 f6 10. Bd2 Nc5 11. Qb1 Ne6 12. c3 c5 13. O-O O-O 14. b4 dxc3 15.
Bxc3 cxb4 16. Bxb4 Bxb4 17. Qxb4 Qxd3 18. Nc1 Qd7 19. Nb3 Rd8 20. Rfd1 Qc7 21.
Rxd8+ Qxd8 22. Rc1 b6 23. Bf1 Ngf4 24. Rc2 a5 25. Qc3 Bb7 26. Qe3 Rc8 27. Rd2
Qc7 28. Ne1 a4 29. Rc2 Qd6 30. Nd2 Rxc2 31. Nxc2 Qc5 32. Ne1 Qd4 33. Kh2 Kf8
34. Bb5 Nc5 35. Qxd4 exd4 36. f3 Ke7 37. Kg3 Nfe6 38. Nc4 Nc7 39. Na3 Nxb5 40.
Nxb5 d3 41. Nc3 Bc6 42. Kf2 b5 43. a3 b4 44. axb4 d2 45. Nc2 Nb3 46. Ke2 Kd6
47. Ke3 g5 48. Na3 Bb7 49. Nc4+ Kc6 50. Nxd2 Ba6 51. Nxa4 Nxd2 52. Kxd2 Bf1 53.
Nc3 Bxh3 54. Ke1 h5 55. gxh5 Be6 56. h6 Bg8 57. Nd5 1-0

[Event "Goldener Springer 2017"]
[Site "Frankfurt/Main"]
[Date "2017.??.??"]
[Round "1.5"]
[White "Telljohann, Sven"]
[Black "Van der Valk, Niklas"]
[Result "1-0"]
[WhiteElo "2412"]
[BlackElo "2131"]
[PlyCount "161"]
[EventDate "2017.??.??"]
[WhiteTeam "Frankfurter TV"]
[BlackTeam "Godesberger SK"]

1. Nf3 c5 2. g3 Nc6 3. Bg2 d5 4. c4 d4 5. O-O Nf6 6. e3 e6 7. exd4 cxd4 8. d3
Be7 9. b3 O-O 10. Na3 e5 11. Re1 Qc7 12. Nc2 a5 13. Qe2 Re8 14. a3 Rb8 15. Bg5
Bd7 16. Nd2 Bf8 17. Bxf6 gxf6 18. Qh5 f5 19. Nf3 Qd6 20. Nh4 Qf6 21. Bh3 Ne7
22. b4 axb4 23. Nxb4 Be6 24. Qe2 Bg7 25. Bg2 Rec8 26. Rac1 Rc5 27. Qb2 Ra5 28.
Nf3 Rba8 29. Ra1 R8a7 30. Nd2 b6 31. Nb3 Ra4 32. Nc6 Rc7 33. Nxe5 f4 34. Qxd4
fxg3 35. Qd8+ Bf8 36. hxg3 Rc8 37. Qxb6 Nf5 38. d4 Nd6 39. d5 Bf5 40. c5 Ne8
41. d6 Nxd6 42. cxd6 Bxd6 43. Qb5 Rxa3 44. Rxa3 Bxa3 45. Nc6 Bf8 46. Nbd4 Bd7
47. Qd5 Re8 48. Rxe8 Bxe8 49. Be4 Bg7 50. Kg2 Bf8 51. Qh5 Qh6 52. Qg4+ Qg7 53.
Bxh7+ Kh8 54. Qxg7+ Kxg7 55. Be4 Bc5 56. f4 Bd7 57. Bf5 Be8 58. Kf3 Kf6 59. Ke4
Kg7 60. Kd5 Ba3 61. Nb5 Bc1 62. Nd6 Bxc6+ 63. Kxc6 Bd2 64. Bh3 Be1 65. Kd5 Kg6
66. Nf5 Kf6 67. Ke4 Bc3 68. Bf1 Kg6 69. g4 f6 70. Bc4 Ba1 71. Ne7+ Kg7 72. Kf5
Bb2 73. Nc8 Ba3 74. Bb5 Bb4 75. Nb6 Ba3 76. Nd5 Bb2 77. Be8 Ba1 78. Bh5 Bb2 79.
Nc7 Kf8 80. Ke6 Bc1 81. Kxf6 1-0

[Event "Goldener Springer 2017"]
[Site "Frankfurt/Main"]
[Date "2017.??.??"]
[Round "1.6"]
[White "Kirschner, Philipp"]
[Black "Schellen, Sven"]
[Result "1/2-1/2"]
[WhiteElo "1816"]
[BlackElo "1856"]
[PlyCount "63"]
[EventDate "2017.??.??"]
[WhiteTeam "Sfr. Kelkheim"]
[BlackTeam "SF Frankfurt"]

1. d4 Nf6 2. c4 e6 3. Nf3 d5 4. g3 c5 5. cxd5 exd5 6. Bg2 Nc6 7. Nc3 Be7 8. O-O
O-O 9. Bg5 Ne4 10. Bxe7 Nxe7 11. dxc5 Nxc5 12. Nd4 a5 13. Qc2 Ne6 14. Rfd1 Qb6
15. e3 Rd8 16. Rac1 Nxd4 17. Rxd4 Be6 18. Na4 Qb5 19. Qd1 Rac8 20. Rxc8 Rxc8
21. Bf1 Qc6 22. Rd3 Qc2 23. Qxc2 Rxc2 24. Rc3 Rd2 25. Rc7 Kf8 26. Rxb7 Rd1 27.
Kg2 d4 28. Rb8+ Nc8 29. Nb6 d3 30. Nxc8 Bd5+ 31. Kh3 Be6+ 32. Kg2 1/2-1/2

[Event "Goldener Springer 2017"]
[Site "Frankfurt/Main"]
[Date "2017.??.??"]
[Round "1.8"]
[White "Poetsch, Hagen"]
[Black "Scholz, Michael"]
[Result "1-0"]
[WhiteElo "2498"]
[BlackElo "1864"]
[PlyCount "85"]
[EventDate "2017.??.??"]
[WhiteTeam "SF Schöneck"]
[BlackTeam "SK Mömbris"]

1. e4 b6 2. d4 Bb7 3. Bd3 e6 4. Nf3 c5 5. c3 cxd4 6. cxd4 Nf6 7. Nbd2 Be7 8.
O-O Nc6 9. a3 d6 10. b4 O-O 11. Bb2 Rc8 12. Re1 h6 13. Nf1 a6 14. Ng3 Nb8 15.
Bb1 Re8 16. Ba2 d5 17. e5 Nh7 18. Qd3 Nd7 19. Rac1 Ndf8 20. Nd2 Ng6 21. Bb1
Nhf8 22. Nh5 Qd7 23. f4 Rxc1 24. Rxc1 Rc8 25. Rf1 Bc6 26. Rf2 Bb5 27. Qh3 Rc6
28. g4 Qc7 29. Nf1 a5 30. f5 exf5 31. gxf5 Bh4 32. Nhg3 Bxg3 33. Qxg3 Nh8 34.
Qg2 axb4 35. axb4 Rc4 36. Ba2 Rxb4 37. Bxd5 Bc4 38. Be4 Nh7 39. h4 Rb3 40. Bc1
Kf8 41. f6 Ng6 42. Bxg6 Bxf1 43. Qa8+ 1-0

[Event "Goldener Springer 2017"]
[Site "Frankfurt/Main"]
[Date "2017.??.??"]
[Round "1.9"]
[White "Everett, Elijah"]
[Black "Bitzer, Andre"]
[Result "1-0"]
[WhiteElo "2101"]
[BlackElo "1794"]
[PlyCount "41"]
[EventDate "2017.??.??"]
[WhiteTeam "SF Schöneck"]
[BlackTeam "SV Griesheim"]

1. e4 d5 2. exd5 Qxd5 3. Nc3 Qd6 4. d4 Nf6 5. Nf3 Bg4 6. h3 Bh5 7. g4 Bg6 8.
Ne5 Nd5 9. Nb5 Qb6 10. c4 c6 11. cxd5 cxb5 12. Qb3 a6 13. Be3 Qa5+ 14. Bd2 Qb6
15. Qe3 Qd6 16. Bg2 Nd7 17. Nxd7 Qxd7 18. O-O Qd6 19. a3 a5 20. Rfc1 Kd7 21.
Rc5 1-0

[Event "Goldener Springer 2017"]
[Site "Frankfurt/Main"]
[Date "2017.??.??"]
[Round "1.10"]
[White "Rutsatz, Mario"]
[Black "Shashkin, Igor"]
[Result "1-0"]
[WhiteElo "1954"]
[BlackElo "2088"]
[PlyCount "69"]
[EventDate "2017.??.??"]
[WhiteTeam "SF Frankfurt"]
[BlackTeam "PTSV SK Hof"]

1. d4 Nf6 2. c4 g6 3. Nc3 d5 4. Nf3 Bg7 5. cxd5 Nxd5 6. e4 Nxc3 7. bxc3 c5 8.
h3 Nc6 9. Be3 Qa5 10. Bd2 O-O 11. Be2 Qc7 12. Rc1 Rd8 13. d5 Nb8 14. O-O Nd7
15. c4 e5 16. dxe6 fxe6 17. Bg5 Bf6 18. Qb3 Bxg5 19. Nxg5 Qe5 20. f4 Qf6 21. e5
Qe7 22. Rcd1 Nb8 23. Rxd8+ Qxd8 24. Rd1 Qe7 25. Bf3 h6 26. Ne4 Nc6 27. Nf6+ Kf7
28. Bxc6 bxc6 29. Rd6 Qc7 30. Qf3 Rb8 31. h4 h5 32. Qe4 Qb6 33. Kh2 Kg7 34.
Rxc6 Qa5 35. Rc7+ 1-0

[Event "Goldener Springer 2017"]
[Site "Frankfurt/Main"]
[Date "2017.??.??"]
[Round "1.11"]
[White "Wolff, Peter"]
[Black "Rosenberger, Frank"]
[Result "0-1"]
[WhiteElo "1921"]
[BlackElo "2112"]
[PlyCount "82"]
[EventDate "2017.??.??"]
[WhiteTeam "VSG Offenbach"]
[BlackTeam "SK Gernsheim"]

1. c4 e6 2. g3 d5 3. Bg2 Nf6 4. Nf3 Nbd7 5. O-O c6 6. b3 Bd6 7. Bb2 O-O 8. d3
Qe7 9. Nbd2 e5 10. e4 dxe4 11. Nxe4 Nxe4 12. dxe4 Nf6 13. h3 Nxe4 14. Re1 f5
15. Nh4 Bc5 16. Bxe4 fxe4 17. Rxe4 Rxf2 18. Bd4 Rf7 19. Bxc5 Qxc5+ 20. Kh2 Rf2+
21. Ng2 Bf5 22. Re2 Rxe2 23. Qxe2 Rd8 24. Re1 Re8 25. Rd1 e4 26. Ne3 Bc8 27.
Rd2 Rf8 28. Ng2 Qf5 29. g4 Qe5+ 30. Kg1 h5 31. Qd1 hxg4 32. hxg4 Qg5 33. Rd4
Bxg4 34. Qe1 Bf3 35. Rd2 Rf4 36. Rf2 Rg4 37. Qf1 Rxg2+ 38. Rxg2 Qxg2+ 39. Qxg2
Bxg2 40. Kxg2 Kf7 41. Kg3 g5 0-1

[Event "Goldener Springer 2017"]
[Site "Frankfurt/Main"]
[Date "2017.??.??"]
[Round "1.12"]
[White "Voellinger, Florian"]
[Black "Henrich, David"]
[Result "1/2-1/2"]
[WhiteElo "1803"]
[BlackElo "2170"]
[PlyCount "65"]
[EventDate "2017.??.??"]
[WhiteTeam "SF Dettingen"]
[BlackTeam "SK Niederbrechen"]

1. d4 d6 2. Nf3 Nf6 3. c4 g6 4. Nc3 Bg7 5. h3 O-O 6. Bf4 Nc6 7. e3 Nd7 8. Be2
e5 9. dxe5 Ndxe5 10. Rc1 Re8 11. O-O b6 12. a3 Bb7 13. b4 a5 14. Qb3 axb4 15.
axb4 Qd7 16. Rfd1 Qf5 17. Nd5 Rac8 18. c5 dxc5 19. bxc5 Nxf3+ 20. Bxf3 Nd4 21.
exd4 Bxd5 22. Bxd5 Qxf4 23. cxb6 cxb6 24. Rxc8 Rxc8 25. Qxb6 Rc1 26. Qd8+ Bf8
27. Rxc1 Qxc1+ 28. Kh2 Qf4+ 29. Kg1 Kg7 30. Qd7 Qc1+ 31. Kh2 Qf4+ 32. Kg1 Qc1+
33. Kh2 1/2-1/2

[Event "Goldener Springer 2017"]
[Site "Frankfurt/Main"]
[Date "2017.??.??"]
[Round "1.13"]
[White "Gohil, Harry"]
[Black "Calvi, Stefan"]
[Result "1-0"]
[WhiteElo "2284"]
[BlackElo "2084"]
[PlyCount "111"]
[EventDate "2017.??.??"]
[WhiteTeam "TSV Schott Mainz"]
[BlackTeam "SF Frankfurt"]

1. d4 Nf6 2. Bg5 Ne4 3. Bf4 d6 4. f3 Nf6 5. e4 e5 6. dxe5 Nh5 7. Be3 dxe5 8.
Qxd8+ Kxd8 9. Bc4 Be6 10. Bxe6 fxe6 11. Ne2 Bb4+ 12. Nd2 Nc6 13. a3 Bd6 14. g3
a5 15. c4 b6 16. Rc1 Kd7 17. O-O Rhd8 18. Rfd1 Rab8 19. Kf2 a4 20. c5 bxc5 21.
Bxc5 Na5 22. Nc4 Nxc4 23. Rxc4 Ke7 24. Bxd6+ cxd6 25. Rd2 d5 26. exd5 exd5 27.
Rxa4 Nf6 28. Ra5 Ke6 29. Nc1 g5 30. Re2 e4 31. fxe4 Nxe4+ 32. Ke3 Rdc8 33. Nd3
Rb3 34. Ra4 Kf5 35. Rb4 Nc5 36. g4+ Kf6 37. Rxb3 Nxb3 38. Nb4 d4+ 39. Kf3 Rd8
40. Nd3 Na5 41. Re5 Nc4 42. Rf5+ Kg6 43. Rc5 Ne3 44. h3 Nd5 45. a4 Re8 46. Rxd5
Re3+ 47. Kf2 Rxd3 48. b4 Ra3 49. a5 d3 50. Ke3 Rb3 51. b5 d2+ 52. Kxd2 Rxh3 53.
Kc2 h5 54. b6 hxg4 55. b7 Rh8 56. Rb5 1-0

[Event "Goldener Springer 2017"]
[Site "Frankfurt/Main"]
[Date "2017.??.??"]
[Round "2.1"]
[White "Gohil, Harry"]
[Black "Stockmann, Michael"]
[Result "0-1"]
[WhiteElo "2284"]
[BlackElo "2220"]
[PlyCount "90"]
[EventDate "2017.??.??"]
[WhiteTeam "TSV Schott Mainz"]
[BlackTeam "SF Schöneck"]

1. d4 d5 2. Nf3 Nf6 3. e3 e6 4. Bd3 Be7 5. O-O b6 6. Nbd2 Ba6 7. Ne5 Bxd3 8.
cxd3 c5 9. f4 Nfd7 10. Qg4 g6 11. Ndf3 f5 12. Qh3 Bf6 13. Bd2 Nxe5 14. fxe5 Be7
15. Qh6 Bf8 16. Qf4 Be7 17. dxc5 bxc5 18. Qh6 Bf8 19. Qh3 Be7 20. g4 O-O 21.
gxf5 exf5 22. Kh1 Qb6 23. e4 dxe4 24. dxe4 Qc6 25. Bh6 Rf7 26. Qg2 fxe4 27. Nd2
Rxf1+ 28. Rxf1 Nd7 29. Bf4 Rf8 30. Nxe4 Nxe5 31. Kg1 Nd3 32. Bh6 Rxf1+ 33. Kxf1
Qe6 34. b3 Qe5 35. Bd2 Qa1+ 36. Ke2 Nc1+ 37. Kf3 Nd3 38. Qe2 Qh1+ 39. Kg3 Qg1+
40. Kf3 Ne5+ 41. Kf4 Nf7 42. Bc3 Nd6 43. Nf6+ Kf7 44. Nxh7 Qc1+ 45. Kg4 Qxc3
0-1

[Event "Goldener Springer 2017"]
[Site "Frankfurt/Main"]
[Date "2017.??.??"]
[Round "2.2"]
[White "Kuban, Guenter"]
[Black "Winand, Edgar"]
[Result "1-0"]
[WhiteElo "2127"]
[BlackElo "1914"]
[PlyCount "55"]
[EventDate "2017.??.??"]
[WhiteTeam "SV Oberursel"]
[BlackTeam "SC Flörsheim"]

1. d4 d6 2. e4 g6 3. Nf3 Bg7 4. Bc4 c5 5. dxc5 Qa5+ 6. c3 Qxc5 7. Qb3 e6 8. Be3
Qa5 9. Na3 Nf6 10. Bb5+ Nc6 11. Nc4 Qc7 12. Nxd6+ Qxd6 13. e5 Qe7 14. exf6 Bxf6
15. Qc4 Bd7 16. Bc5 Qd8 17. Rd1 Rc8 18. O-O b6 19. Ba3 Nd4 20. Bxd7+ Qxd7 21.
Qd3 Qa4 22. Nxd4 a6 23. Qf3 Bd8 24. Rfe1 Qc4 25. b3 Qxc3 26. Nxe6 Be7 27. Qb7
Bxa3 28. Ng5+ 1-0

[Event "Goldener Springer 2017"]
[Site "Frankfurt/Main"]
[Date "2017.??.??"]
[Round "2.3"]
[White "Kirschner, Philipp"]
[Black "Ostermeier, Thorsten"]
[Result "1-0"]
[WhiteElo "1816"]
[BlackElo "1975"]
[PlyCount "115"]
[EventDate "2017.??.??"]
[WhiteTeam "Sfr. Kelkheim"]
[BlackTeam "SF Frankfurt"]

1. d4 d5 2. c4 c6 3. Nf3 Nf6 4. Nc3 e6 5. g3 Bd6 6. Bg2 Nbd7 7. O-O O-O 8. Qc2
dxc4 9. Rd1 Qe7 10. Nd2 e5 11. Nxc4 exd4 12. Nxd6 dxc3 13. Nxc8 Rfxc8 14. bxc3
b5 15. a4 bxa4 16. Rxa4 a5 17. Ba3 Qe5 18. e4 Ra7 19. f4 Qc7 20. Rad4 Nb6 21.
Qd2 h6 22. e5 Nfd5 23. Bc5 a4 24. c4 Ne7 25. Rd8+ Kh7 26. Qd3+ g6 27. Rd6 Ra5
28. Bb4 Ra6 29. c5 Rca8 30. cxb6 Qxb6+ 31. Qd4 a3 32. Qxb6 Rxb6 33. Bc3 a2 34.
e6 fxe6 35. Rd7 Re8 36. Ra7 Rb1 37. Bf3 Rb3 38. Bf6 Kg8 39. Bxe7 Rxf3 40. Bf6
g5 41. fxg5 hxg5 42. Bxg5 Rf5 43. Bc1 Rd5 44. Rxd5 exd5 45. Kf2 c5 46. Rxa2 d4
47. Rc2 d3 48. Rxc5 Re2+ 49. Kf3 Rxh2 50. Rd5 Rh1 51. Be3 Rd1 52. Kg4 Kf7 53.
Bf4 Ke6 54. Rd6+ Ke7 55. Kf5 Ke8 56. Ke4 Re1+ 57. Kxd3 Rd1+ 58. Ke4 1-0

[Event "Goldener Springer 2017"]
[Site "Frankfurt/Main"]
[Date "2017.??.??"]
[Round "2.4"]
[White "Rack, Matthias"]
[Black "Telljohann, Sven"]
[Result "0-1"]
[WhiteElo "2000"]
[BlackElo "2412"]
[PlyCount "62"]
[EventDate "2017.??.??"]
[WhiteTeam "SF Neuberg"]
[BlackTeam "Frankfurter TV"]

1. d4 g6 2. c4 Bg7 3. Nc3 c5 4. e3 Nf6 5. Nf3 O-O 6. Be2 cxd4 7. exd4 d5 8. O-O
Nc6 9. Bf4 dxc4 10. Bxc4 Na5 11. Bb5 a6 12. Be2 Be6 13. Ne5 Nd5 14. Bg3 Nxc3
15. bxc3 Rc8 16. Qd2 Nc4 17. Nxc4 Bxc4 18. Rfe1 e6 19. Rab1 Bd5 20. Rec1 Qa5
21. Bd6 Rfd8 22. Bc5 Rxc5 23. dxc5 Bxa2 24. Qe3 Bxb1 25. Rxb1 Rd7 26. Bf3 Bxc3
27. c6 bxc6 28. Bxc6 Bd4 29. Qf4 Rd8 30. g3 Qa2 31. Rb7 Bxf2+ 0-1

[Event "Goldener Springer 2017"]
[Site "Frankfurt/Main"]
[Date "2017.??.??"]
[Round "2.5"]
[White "Schellen, Sven"]
[Black "Poetsch, Hagen"]
[Result "0-1"]
[WhiteElo "1856"]
[BlackElo "2498"]
[PlyCount "90"]
[EventDate "2017.??.??"]
[WhiteTeam "SF Frankfurt"]
[BlackTeam "SF Schöneck"]

1. d4 Nf6 2. c4 b6 3. Nf3 Bb7 4. g3 c5 5. d5 b5 6. Bg2 bxc4 7. Ne5 g6 8. O-O
Bg7 9. Nc3 O-O 10. Nxc4 d6 11. Qb3 Ba6 12. Qa4 Qc8 13. Rd1 Nbd7 14. Bh3 Rb8 15.
Na5 Rb4 16. Nc6 Rxa4 17. Nxe7+ Kh8 18. Nxc8 Rd4 19. Nxd6 Rxd1+ 20. Nxd1 Bxe2
21. Nc3 Bf3 22. Nc4 Nb6 23. Nxb6 axb6 24. Bg2 Bxg2 25. Kxg2 Rd8 26. Bg5 h6 27.
Bxf6 Bxf6 28. Rd1 Kg7 29. Na4 Rd6 30. Nc3 Bd4 31. a4 Rd7 32. Kf3 Kf6 33. Ke2
Ke7 34. f3 Ra7 35. Kd3 Bxc3 36. bxc3 Rxa4 37. Rb1 Ra6 38. Kc4 Kd6 39. Kb5 Ra2
40. Kc4 Kc7 41. d6+ Kc6 42. Rd1 Ra7 43. d7 b5+ 44. Kb3 Rxd7 45. Re1 Rd3 0-1

[Event "Goldener Springer 2017"]
[Site "Frankfurt/Main"]
[Date "2017.??.??"]
[Round "2.6"]
[White "Rosenberger, Frank"]
[Black "Czybik, Nils Patrick"]
[Result "1-0"]
[WhiteElo "2112"]
[BlackElo "2150"]
[PlyCount "49"]
[EventDate "2017.??.??"]
[WhiteTeam "SK Gernsheim"]
[BlackTeam "SF Erkelenz 1959"]

1. e4 c5 2. Nf3 g6 3. Nc3 Bg7 4. d4 cxd4 5. Nxd4 Nc6 6. Be3 Nf6 7. Bc4 O-O 8.
Bb3 d6 9. f3 Bd7 10. Qd2 Rc8 11. O-O-O Ne5 12. h4 h5 13. Bg5 Re8 14. Bh6 Qa5
15. Bxg7 Kxg7 16. g4 hxg4 17. h5 Rh8 18. f4 Nc4 19. Qd3 Qb4 20. hxg6 fxg6 21.
Rxh8 Kxh8 22. e5 Nh7 23. Qxg6 Rg8 24. Qf7 dxe5 25. fxe5 1-0

[Event "Goldener Springer 2017"]
[Site "Frankfurt/Main"]
[Date "2017.??.??"]
[Round "2.7"]
[White "Voellinger, Florian"]
[Black "Everett, Elijah"]
[Result "1-0"]
[WhiteElo "1803"]
[BlackElo "2101"]
[PlyCount "113"]
[EventDate "2017.??.??"]
[WhiteTeam "SF Dettingen"]
[BlackTeam "SF Schöneck"]

1. d4 Nf6 2. c4 g6 3. Nc3 Bg7 4. Nf3 O-O 5. Bf4 d6 6. h3 Nfd7 7. e3 e5 8. Bh2
Nc6 9. Be2 Re8 10. d5 Ne7 11. O-O h6 12. Rc1 a5 13. a3 f5 14. b4 axb4 15. axb4
e4 16. Nd4 Ne5 17. Qb3 Kh7 18. Rfd1 g5 19. c5 N7g6 20. Ncb5 Re7 21. Ne6 Bxe6
22. cxd6 cxd6 23. dxe6 Rc8 24. Rxc8 Qxc8 25. Nxd6 Qf8 26. Qd5 Qf6 27. Nxb7 Rxe6
28. Nc5 Rb6 29. b5 Qe7 30. Na4 Rb7 31. b6 Bf8 32. Ba6 Rd7 33. Qb3 Rxd1+ 34.
Qxd1 Qb4 35. Bxe5 Nxe5 36. Qd4 Qxd4 37. exd4 Nc6 38. d5 Nb8 39. Bc8 Kg6 40. Nb2
Bc5 41. Nc4 Kf6 42. Kf1 f4 43. Ke2 Bd4 44. b7 Bc5 45. Bg4 Bd4 46. d6 Bc5 47. d7
Ke7 48. Nd2 e3 49. fxe3 Bxe3 50. Nc4 Bc5 51. Ne5 Bd6 52. Nf7 Bc7 53. Nxh6 Nxd7
54. Bxd7 Kxd7 55. Nf7 Kc6 56. Nxg5 Kxb7 57. Nf7 1-0

[Event "Goldener Springer 2017"]
[Site "Frankfurt/Main"]
[Date "2017.??.??"]
[Round "2.8"]
[White "Henrich, David"]
[Black "Rutsatz, Mario"]
[Result "1-0"]
[WhiteElo "2170"]
[BlackElo "1954"]
[PlyCount "55"]
[EventDate "2017.??.??"]
[WhiteTeam "SK Niederbrechen"]
[BlackTeam "SF Frankfurt"]

1. c4 Nf6 2. g3 e5 3. Bg2 Nc6 4. Nc3 Bb4 5. Nd5 a5 6. e3 O-O 7. Ne2 d6 8. O-O
Nxd5 9. cxd5 Ne7 10. d4 exd4 11. exd4 a4 12. a3 Ba5 13. Qxa4 Bg4 14. f3 Bb6 15.
Qc4 Bd7 16. Nc3 Nf5 17. Rd1 Qf6 18. Ne4 Qe7 19. Kh1 Qe8 20. Bf4 Ba4 21. Rd2 Bb5
22. Qc3 Ne7 23. Qb3 Ra4 24. Nc3 Ra5 25. Re1 Ba6 26. Bxd6 Bxd4 27. Rxd4 cxd6 28.
Rde4 1-0

[Event "Goldener Springer 2017"]
[Site "Frankfurt/Main"]
[Date "2017.??.??"]
[Round "2.9"]
[White "Zalewski, Ulrich"]
[Black "Gutacker, Stephan"]
[Result "1/2-1/2"]
[WhiteElo "1810"]
[BlackElo "1886"]
[PlyCount "45"]
[EventDate "2017.??.??"]
[WhiteTeam "Biebertaler SF"]
[BlackTeam "Sfr. Kelkheim"]

1. e4 e5 2. Nf3 Nc6 3. Nc3 Nf6 4. Bb5 d6 5. d4 exd4 6. Nxd4 Bd7 7. O-O Be7 8.
Nxc6 bxc6 9. Bc4 O-O 10. Bb3 Be6 11. f3 Nd7 12. Be3 Bf6 13. Qe1 Nb6 14. Rd1 Qe7
15. Bd4 Bxd4+ 16. Rxd4 c5 17. Rd1 c4 18. Ba4 Nxa4 19. Nxa4 Qe8 20. Nc3 Rb8 21.
b3 Qc6 22. Nd5 Bxd5 23. Rxd5 1/2-1/2

[Event "Goldener Springer 2017"]
[Site "Frankfurt/Main"]
[Date "2017.??.??"]
[Round "2.12"]
[White "Shashkin, Igor"]
[Black "Bitzer, Andre"]
[Result "1-0"]
[WhiteElo "2088"]
[BlackElo "1794"]
[PlyCount "73"]
[EventDate "2017.??.??"]
[WhiteTeam "PTSV SK Hof"]
[BlackTeam "SV Griesheim"]

1. e4 d5 2. exd5 Qxd5 3. Nc3 Qd6 4. d4 Nf6 5. Bc4 c6 6. Nge2 Bf5 7. Bf4 Qd8 8.
d5 b5 9. Bb3 b4 10. dxc6 Qxd1+ 11. Nxd1 Nxc6 12. Ne3 Bd7 13. Nc4 g6 14. Rd1 Bg7
15. O-O O-O 16. Ne5 Nxe5 17. Bxe5 Bb5 18. Rfe1 Rfd8 19. Nd4 Be8 20. Rd3 Rac8
21. Red1 Kh8 22. g4 h6 23. h4 Kh7 24. f3 Bf8 25. Ne6 Rxd3 26. Nxf8+ Kg7 27.
Ne6+ fxe6 28. Rxd3 Kf7 29. Bf4 a5 30. Rd4 Bb5 31. a4 bxa3 32. bxa3 h5 33. g5
Ne8 34. a4 Ba6 35. Be5 Bb7 36. Rf4+ Kg8 37. Bxe6+ 1-0

[Event "Goldener Springer 2017"]
[Site "Frankfurt/Main"]
[Date "2017.??.??"]
[Round "2.13"]
[White "Calvi, Stefan"]
[Black "Wolff, Peter"]
[Result "0-1"]
[WhiteElo "2084"]
[BlackElo "1921"]
[PlyCount "138"]
[EventDate "2017.??.??"]
[WhiteTeam "SF Frankfurt"]
[BlackTeam "VSG Offenbach"]

1. e4 c6 2. Nf3 d5 3. exd5 cxd5 4. Ne5 Nc6 5. d4 Nf6 6. c3 g6 7. Bb5 Qb6 8. Qb3
Bd7 9. Nxd7 Kxd7 10. Nd2 Bg7 11. Nf3 Rhc8 12. O-O Ke8 13. Re1 Kf8 14. Bd3 Qxb3
15. axb3 a6 16. Bf4 Nh5 17. Bg5 Bf6 18. Bd2 Ng7 19. g4 Ne6 20. g5 Bg7 21. Kg2
Rc7 22. h4 Rac8 23. h5 Kg8 24. hxg6 hxg6 25. b4 Ncd8 26. Be3 Nc6 27. Kg3 Nb8
28. Nh4 Nf8 29. f4 e6 30. b5 axb5 31. Bxb5 Nc6 32. Nf3 Nd7 33. Ne5 Ndb8 34. Ra2
Nd7 35. Rea1 Bf8 36. Ra8 Ndb8 37. Ng4 Be7 38. Kf3 Kg7 39. Rh1 Nd7 40. Raa1 Rh8
41. Ne5 Rxh1 42. Rxh1 Bd6 43. Ra1 Ndb8 44. Ra8 Nd7 45. Nxd7 Rxd7 46. b3 Rd8 47.
Rxd8 Nxd8 48. c4 Bb4 49. Ke2 Nc6 50. Bxc6 bxc6 51. c5 Ba5 52. Bd2 Bc7 53. Kd3
Kf8 54. b4 Ke7 55. Kc3 Kd7 56. Kb3 Kc8 57. b5 Kb7 58. Ka4 Bd8 59. Ba5 Be7 60.
Bb6 f6 61. bxc6+ Kxc6 62. Kb4 fxg5 63. fxg5 Bxg5 64. Kc3 Bf6 65. Kd3 g5 66. Ba5
e5 67. dxe5 Bxe5 68. Bd2 g4 69. Be3 Bf6 0-1